Pomoc členským štátom z európskych štrukturálnych a investičných fondov s dôrazom na kontrolu zo strany Európskej komisie a členského štátu bakalárska práca

Na minha lista:
Detalhes bibliográficos
Autor principal: Zátopková, Lenka
Autor Corporativo: Národohospodárska fakulta EU. Katedra ekonómie
Outros Autores: Hudcovský, Martin, 1988-
Formato: Livro
Idioma:eslovaco
Publicado em: Bratislava 2017
Tags: Adicionar Tag
Sem tags, seja o primeiro a adicionar uma tag!

MARC

LEADER 00000nbm a2200000 4500
001 0233879
005 20180306131357.3
041 0 |a slo 
044 |a SK 
245 1 0 |a Pomoc členským štátom z európskych štrukturálnych a investičných fondov s dôrazom na kontrolu zo strany Európskej komisie a členského štátu  |b bakalárska práca  |c Lenka Zátopková ; školiteľ: Martin Hudcovský 
264 1 |a Bratislava  |c 2017 
300 |a 41 s. 
100 1 |a Zátopková, Lenka 
700 1 |a Hudcovský, Martin, 1988- 
710 2 |a Národohospodárska fakulta EU. Katedra ekonómie